000 01176nam a22002774a 4500
001 UTEA
005 20240914014736.0
006 g||||gr||||||01 nz
007 ta
008 200208b es ||||| |||| 00| 0 spa d
020 _a9788441539150
040 _aUTEA
041 _aspa
082 _a658.84
_bG74 2017
100 _aIñaki Gorostiza
_eAutor
245 _aGoogle Tag Manager
_b: mide y vencerás
_h[Impreso]
246 _cIñaki Gorostiza
250 _a1a. edición :
260 _aMadrid,
_bAnaya,
_c2017
300 _a271 pàginas
_c25 cm
505 _aIntroducción -- Google Tag Manager dentro del plan de analítica digital -- La interfaz de Google Tag Manager -- Administración Google Tag Manager -- Conceptos básicos en Google Tag Manager -- Publicación y control de versiones -- Vista previa y depuración del contenido en GTM -- Etiquetas -- Los activadores de Google Tag Manager -- Las variables en Google Tag Manager -- Dom scraping -- Data layer -- Ejemplos prácticos
650 _aDom scraping
_944753
650 _aEjemplos prácticos
_944754
650 _aData layer
_944755
942 _cBK
_e2024-09-13
_zLizbeth Cañari Quispe
_2ddc
999 _c14933
_d14933